Биотехнические системы медицинского назначения: учебник

Detaylı Bibliyografya
Yazar: Кореневский Н. А. Николай Алексеевич
Diğer Yazarlar: Попечителев Е. П. Евгений Петрович
Özet:В настоящем учебнике рассматриваются принципы построения и работы приборов, аппаратов, систем и комплексов, решающих задачи функциональной диагностики, лабораторных исследований и проведения лечебно-оздоровительных мероприятий (терапии). Учебник имеет своей основной целью изложение материала в такой последовательности и объёме, чтобы он полностью удовлетворял требованиям образовательного стандарта по дисциплине «Биотехнические системы медицинского назначения», изучаемой студентами направления подготовки 201000 «Биотехнические системы и технологии». Учебник поддерживает компетенции бакалавров ОК-1,ОК-6, ОК-8, ПК-3, ПК-6, ПК-8, ПК-9, ПК-10, ПК-11, ПК-14, ПК-18, ПК-20, ПК-21, ПК-27, ПК-32 и компетенции магистров ОК-1, ОК-2, ПК-3, ПК-7, ПК-11, ПК-13, ПК-16, ПК-17, ПК-18, ПК-19, ПК-20, ПК-26, ПК-27 направления подготовки 201000 «Биотехнические системы и технологии». Учебник может использоваться также для формирования компетенций бакалавров ОК-1, ОК-7, ОК-9, ПК-7, ПК-9, ПК-10, ПК-12, ПК-19, ПК-17, ПК-22, ПК-27 по направлению подготовки 200100 «Приборостроение» и компетенции профиля 7 направления подготовки 201000 ПК-34, ПК-35, ПК-36 и ПК-37. Данный учебник является переработкой учебного пособия «Медицинские приборы, аппараты, системы и комплексы» для реализации учебного процесса в соответствии с ФГОС третьего поколения, а также для подготовки бакалавров по направлению 240700.62 «Биотехнология».
Dil:Rusça
Baskı/Yayın Bilgisi: Старый Оскол, ТНТ, 2013
Konular:
Materyal Türü: Kitap
KOHA link:https://koha.lib.tpu.ru/cgi-bin/koha/opac-detail.pl?biblionumber=222786

MARC

LEADER 00000nam0a2200000 4500
001 222786
005 20231101230500.0
010 |a 9785941783526 
035 |a (RuTPU)RU\TPU\book\243013 
090 |a 222786 
100 |a 20121002d2013 m y0rusy50 ca 
101 0 |a rus 
102 |a RU 
105 |a a j 001zy 
200 1 |a Биотехнические системы медицинского назначения  |e учебник  |f Н. А. Кореневский, Е. П. Попечителев 
210 |a Старый Оскол  |c ТНТ  |d 2013 
215 |a 688 с.  |c ил. 
320 |a Библиогр.: с. 670-673. 
330 |a В настоящем учебнике рассматриваются принципы построения и работы приборов, аппаратов, систем и комплексов, решающих задачи функциональной диагностики, лабораторных исследований и проведения лечебно-оздоровительных мероприятий (терапии). Учебник имеет своей основной целью изложение материала в такой последовательности и объёме, чтобы он полностью удовлетворял требованиям образовательного стандарта по дисциплине «Биотехнические системы медицинского назначения», изучаемой студентами направления подготовки 201000 «Биотехнические системы и технологии». Учебник поддерживает компетенции бакалавров ОК-1,ОК-6, ОК-8, ПК-3, ПК-6, ПК-8, ПК-9, ПК-10, ПК-11, ПК-14, ПК-18, ПК-20, ПК-21, ПК-27, ПК-32 и компетенции магистров ОК-1, ОК-2, ПК-3, ПК-7, ПК-11, ПК-13, ПК-16, ПК-17, ПК-18, ПК-19, ПК-20, ПК-26, ПК-27 направления подготовки 201000 «Биотехнические системы и технологии». Учебник может использоваться также для формирования компетенций бакалавров ОК-1, ОК-7, ОК-9, ПК-7, ПК-9, ПК-10, ПК-12, ПК-19, ПК-17, ПК-22, ПК-27 по направлению подготовки 200100 «Приборостроение» и компетенции профиля 7 направления подготовки 201000 ПК-34, ПК-35, ПК-36 и ПК-37. Данный учебник является переработкой учебного пособия «Медицинские приборы, аппараты, системы и комплексы» для реализации учебного процесса в соответствии с ФГОС третьего поколения, а также для подготовки бакалавров по направлению 240700.62 «Биотехнология». 
606 1 |a Медицинская техника  |2 stltpush  |3 (RuTPU)RU\TPU\subj\41798  |9 61577 
610 1 |a здравоохранение 
610 1 |a технические средства 
610 1 |a диагностические аппараты 
610 1 |a диагностические системы 
610 1 |a организм человека 
610 1 |a биоэлектрическая активность 
610 1 |a неэлектрические характеристики 
610 1 |a исследование 
610 1 |a диагностические приборы 
610 1 |a биологическая интроскопия 
610 1 |a лабораторные анализы 
610 1 |a физиотерапия 
610 1 |a хирургическая техника 
610 1 |a утраченные функции 
610 1 |a реабилитация 
610 1 |a восстановление 
610 1 |a искусственные органы 
610 1 |a биостимуляторы 
610 1 |a протезы 
610 1 |a физкультурно-оздоровительные комплексы 
610 1 |a учебники 
675 |a 615.47(075.8)  |v 3 
700 1 |a Кореневский  |b Н. А.  |g Николай Алексеевич 
701 1 |a Попечителев  |b Е. П.  |g Евгений Петрович 
801 1 |a RU  |b 63413507  |c 20121002 
801 2 |a RU  |b 63413507  |c 20150912  |g RCR 
900 |a Проверка, безопасность и надежность медицинской техники 
900 |a Приборы, системы и изделия медицинского назначения 
942 |c BK 
951 |b 201000 
959 |a 123/20121002  |d 5  |e 0  |f ЧЗТЛ:1  |f АНЛ:1  |f УФ:3